Statistics for NFL Quarterbacks 20/21

Click here to take the quiz!

General Stats

  • This quiz has been taken 95 times
  • The average score is 27 of 32

Answer Stats

TeamAnswer% Correct
Arizona CardinalsKyler Murray
99%
Green Bay PackersAaron Rodgers
96%
Kansas City ChiefsPatrick Mahomes
96%
Indianapolis ColtsPhilip Rivers
96%
Houston TexansDeshaun Watson
96%
Atlanta FalconsMatt Ryan
96%
Carolina PanthersTeddy Bridgewater
96%
Tampa Bay BuccaneersTom Brady
96%
Buffalo BillsJosh Allen
96%
Baltimore RavensLamar Jackson
96%
Cincinnati BengalsBrandon Allen
95%
New Orleans SaintsDrew Brees
95%
New England PatriotsCam Newton
95%
Detroit LionsMatthew Stafford
93%
Seattle SeahwaksRussell Wilson
93%
Cleveland BrownsBaker Mayfield
92%
Los Angeles RamsJared Goff
91%
Las Vegas RaidersDerek Carr
91%
Chicago BearsMitchell Trubisky
91%
Miami DolphinsTua Tagovailoa
89%
Minnesota VikingsKirk Cousins
89%
New York JetsSam Darnold
87%
Tennessee TitansRyan Tannehill
87%
Los Angeles ChargersJustin Herbert
85%
Denver BroncosDrew Lock
85%
New York GiantsDaniel Jones
85%
Washington Football TeamAlex Smith
85%
Dallas CowboysAndy Dalton
83%
Pittsburgh SteelersMason Rudolph
52%
Jacksonville JaguarsMike Glennon
37%
San Francisco 49ersC. J. Beathard
25%
Philadelphia EaglesJalen Hurts
17%

Score Distribution

Percentile by Number Answered

Percent of People with Each Score

Your Score History

You have not taken this quiz